000
00358nam a2200169Ia 4500
100
_a
Marcello/Patricia cronin
650
_a
Dalai lama
942
_c
BK
366
_f
28
654
_a
dalai lama
245
_a
The Dalai Lama
260
_b
Jaico Publishing House
_c
2015
082
_b
MAR
300
_a
173
546
_a
ENGLISH
_c
Computers
999
_c
26839
_d
26839